| Поле | Инд. | ПП | Название | Значение |
|---|---|---|---|---|
| Тип записи | a | |||
| Библиографический уровень | m | |||
| 001 | Контрольный номер | f0c3dafbcd3f4700878cdd0c409c5d5d | ||
| 005 | Дата корректировки | 20230728105422.9 | ||
| 040 | b | Код языка каталог. | rus | |
| 041 | 0_ | a | Код языка текста | rus |
| 080 | a | Индекс УДК | 004.42 | |
| 084 | a | Индекс другой классификации/Индекс ББК | 32.973 | |
| 090 | a | Полочн. индекс | 681.3 | |
| x | Авторский знак | В46 | ||
| 097 | b | Оператор | 02 | |
| 100 | 1_ | a | Автор | Вильдфлуш О. А. |
| 245 | 10 | a | Заглавие | Устройства инвариантного преобразования изображений для ЭВМ |
| b | Продолж. заглавия | дисс. на соиск. учёной степени канд. техн. наук : 05.13.05 | ||
| 260 | a | Место издания | Мн. | |
| b | Издательство | МРТИ | ||
| c | Дата издания | 1981 | ||
| 300 | a | Объем | 227 с. | |
| 510 | 0_ | a | Примечание о ссылках | Диссертации и авторефераты диссертаций |
| 653 | 0_ | a | Ключевые слова | обработка изображений; применение ЭВМ; электронные вычислительные машины |
| 901 | t | Тип документа | d |